[Event "GRE-chT U16 14th"]
[Site "Rio Achaia"]
[Date "2022.12.18"]
[Round "6"]
[White "Kaliontzaki, Argyro Evanthia"]
[Black "Christodoulou, Georgia"]
[Result "0-1"]
[WhiteElo "1379"]
[BlackElo "1682"]
[PlyCount "98"]
[EventDate "2022.12.15"]
[EventType "team-swiss"]
[EventRounds "6"]
[EventCountry "GRE"]
[SourceTitle "EXT 2024"]
[Source "ChessBase"]
[SourceDate "2023.10.10"]
[SourceVersion "1"]
[SourceVersionDate "2023.10.10"]
[SourceQuality "1"]

1. e4 e6 2. d4 d5 3. Nc3 dxe4 4. Nxe4 Nd7 5. Nf3 Ngf6 6. Bg5 Be7 7. Nxf6+ Nxf6 8. Bd3 0-0 9. Qd2 b6 10. 0-0-0 Bb7 11. Bxf6 Bxf6 12. Kb1 c5 13. dxc5 bxc5 14. Qf4 Qb6 15. Ne5 Rab8 16. b3 Qc7 17. Rde1 Rfd8 18. Qg3 Qd6 19. f4 Qd5 20. Rhg1 Ba8 21. Qh3 h6 22. Bc4 Qd2 23. Nxf7 Qd4 24. Ne5 Bd5 25. Bxd5 Qxd5 26. Qf3 Bxe5 27. Qxd5 Rxd5 28. Rxe5 Rxe5 29. fxe5 Rf8 30. g4 Rf2 31. g5 hxg5 32. Rxg5 Rxh2 33. Kb2 Kf7 34. Kc3 g6 35. a4 Rh5 36. Rg3 Rxe5 37. Rd3 Rd5 38. Rf3+ Ke7 39. Rg3 g5 40. Rh3 g4 41. Rh7+ Kd6 42. Rxa7 Rg5 43. Rf7 g3 44. Rf1 g2 45. Rg1 Ke5 46. Kd3 Kf4 47. a5 Kg3 48. a6 Kf2 49. a7 Rg8 0-1

[Event "EU-ch Hybrid U16 Girls"]
[Site "Tornelo INT"]
[Date "2021.10.15"]
[Round "8"]
[White "Mihaljevic, Eva"]
[Black "Kaliontzaki, Argyro Evanthia"]
[Result "1-0"]
[WhiteElo "1708"]
[BlackElo "1282"]
[PlyCount "71"]
[EventDate "2021.10.15"]
[EventType "swiss"]
[EventRounds "9"]
[EventCountry "NET"]
[SourceTitle "EXT 2023"]
[Source "ChessBase"]
[SourceDate "2022.10.05"]
[SourceVersion "1"]
[SourceVersionDate "2022.10.05"]
[SourceQuality "1"]
[WhiteTeam "Croatia"]
[BlackTeam "Greece"]
[WhiteTeamCountry "CRO"]
[BlackTeamCountry "GRE"]

1. d4 d5 2. Bf4 c5 3. e3 cxd4 4. exd4 Nc6 5. c3 f6 6. Nf3 g5 7. Bg3 h5 8. h3 Bf5 9. Bd3 e6 10. Qe2 Bxd3 11. Qxd3 Nge7 12. Nbd2 Nf5 13. Nf1 Bd6 14. Bxd6 Qxd6 15. 0-0-0 Kf7 16. Ne3 Nce7 17. Kb1 Rac8 18. Nd2 Qc6 19. Rdf1 b5 20. Nc2 a5 21. f4 gxf4 22. Rxf4 Ng6 23. Rf2 h4 24. Rhf1 Kg7 25. Nb3 Qb6 26. Nc5 Nge7 27. Ne3 Rxc5 28. dxc5 Qxc5 29. Nxf5+ Nxf5 30. Qe2 Kf7 31. Re1 Qc6 32. Qg4 Rg8 33. Qh5+ Rg6 34. Rf4 Qd6 35. Rg4 Ne7 36. Qh7+ 1-0

[Event "EU-ch Hybrid U16 Girls"]
[Site "Tornelo INT"]
[Date "2021.10.15"]
[Round "2"]
[White "Tsotsonava, Elene"]
[Black "Kaliontzaki, Argyro Evanthia"]
[Result "1-0"]
[WhiteElo "1887"]
[BlackElo "1282"]
[PlyCount "53"]
[EventDate "2021.10.15"]
[EventType "swiss"]
[EventRounds "9"]
[EventCountry "NET"]
[SourceTitle "EXT 2023"]
[Source "ChessBase"]
[SourceDate "2022.10.05"]
[SourceVersion "1"]
[SourceVersionDate "2022.10.05"]
[SourceQuality "1"]
[WhiteTeam "Georgia"]
[BlackTeam "Greece"]
[WhiteTeamCountry "GEO"]
[BlackTeamCountry "GRE"]

1. e4 c5 2. Nf3 Nc6 3. d4 cxd4 4. Nxd4 g6 5. Nc3 Bg7 6. Be3 Nf6 7. Bc4 Qa5 8. 0-0 0-0 9. Nb3 Qh5 10. Be2 Qe5 11. f4 Qb8 12. e5 Ne8 13. Nd5 Nc7 14. Bc5 Nxd5 15. Qxd5 b6 16. Ba3 a6 17. Rad1 Ra7 18. h4 Rc7 19. h5 Bb7 20. Qd2 f6 21. hxg6 hxg6 22. Bc4+ Kh7 23. Rf3 Nxe5 24. Rh3+ Bh6 25. fxe5 g5 26. Bd3+ Kg7 27. Bxe7 1-0

[Event "EU-ch Hybrid U16 Girls"]
[Site "Tornelo INT"]
[Date "2021.10.15"]
[Round "4"]
[White "Zusman, Tal"]
[Black "Kaliontzaki, Argyro Evanthia"]
[Result "1/2-1/2"]
[WhiteElo "1626"]
[BlackElo "1282"]
[PlyCount "108"]
[EventDate "2021.10.15"]
[EventType "swiss"]
[EventRounds "9"]
[EventCountry "NET"]
[SourceTitle "EXT 2023"]
[Source "ChessBase"]
[SourceDate "2022.10.05"]
[SourceVersion "1"]
[SourceVersionDate "2022.10.05"]
[SourceQuality "1"]
[WhiteTeam "Israel"]
[BlackTeam "Greece"]
[WhiteTeamCountry "ISR"]
[BlackTeamCountry "GRE"]

1. d4 d5 2. Nf3 Nf6 3. Bf4 c5 4. e3 Nc6 5. Bd3 e6 6. c3 Be7 7. Nbd2 0-0 8. 0-0 Nh5 9. Bg3 Nxg3 10. hxg3 f5 11. a3 c4 12. Bc2 Bd7 13. Re1 Bd6 14. Kf1 Qf6 15. Ke2 Rae8 16. Rh1 Ne7 17. Ng1 g5 18. Nh3 Ng6 19. Ke1 g4 20. Nf4 Bc6 21. Ba4 b5 22. Bc2 e5 23. dxe5 Bxe5 24. Rh5 Bd7 25. Nxd5 Qf7 26. Nb1 Be6 27. Nb4 Nf4 28. Rg5+ Ng6 29. Rh5 Nf4 30. Rh2 Rd8 31. Nd2 Nd3+ 32. Nxd3 cxd3 33. Bb3 Bc4 34. Bxc4 bxc4 35. Qa4 Rc8 36. Qa6 Rfd8 37. Rh6 Qd5 38. Qe6+ Qxe6 39. Rxe6 Bg7 40. Re7 a5 41. Ra7 Rd5 42. Ra6 Rdc5 43. Rb6 R5c6 44. Rb5 Rc5 45. a4 Kf7 46. f3 h5 47. Kf2 Bh6 48. Rb6 R8c6 49. Rb5 Rc7 50. f4 Bg7 51. Rb6 R7c6 52. Rb5 Rc7 53. Rh1 Kg6 54. Ra1 Kf7 1/2-1/2

[Event "GRE-ch U20 Girls"]
[Site "Trikala"]
[Date "2021.08.25"]
[Round "4"]
[White "Platsaki, Evgenia Valeria"]
[Black "Kaliontzaki, Argyro Evanthia"]
[Result "1-0"]
[WhiteElo "1220"]
[BlackElo "1258"]
[PlyCount "123"]
[EventDate "2021.08.23"]
[EventType "swiss"]
[EventRounds "9"]
[EventCountry "GRE"]
[SourceTitle "EXT 2022"]
[Source "ChessBase"]
[SourceDate "2021.10.06"]
[SourceVersion "1"]
[SourceVersionDate "2021.10.06"]
[SourceQuality "1"]

1. d4 d5 2. c4 e6 3. Nc3 Nf6 4. Bg5 dxc4 5. e3 c5 6. Nf3 cxd4 7. Qxd4 Qxd4 8. exd4 Nbd7 9. Bxc4 a6 10. a4 Bb4 11. Ke2 0-0 12. Ne5 Nxe5 13. dxe5 Bxc3 14. bxc3 Ne4 15. Be7 Re8 16. Bd6 Nxc3+ 17. Kd3 Nd5 18. Bxd5 exd5 19. Kd4 Bd7 20. Rhb1 Bc6 21. Rc1 Re6 22. g3 f6 23. a5 Rae8 24. f4 fxe5+ 25. fxe5 Rg6 26. Rf1 Rg4+ 27. Rf4 Rxf4+ 28. gxf4 Re6 29. Ra2 Rh6 30. Rf2 Rh4 31. e6 g6 32. Re2 Kg7 33. e7 Kf7 34. e8Q+ Bxe8 35. Re7+ Kf6 36. Rxe8 Rxh2 37. Kxd5 Rd2+ 38. Kc5 Kf5 39. Re7 Rc2+ 40. Kb4 h5 41. Re5+ Kf6 42. Be7+ Kf7 43. Bg5 Rc7 44. Rc5 Rd7 45. Kc4 Ke6 46. Re5+ Kf7 47. Kc5 Rc7+ 48. Kb6 Rd7 49. Rc5 Ke6 50. Rc7 Rd6+ 51. Kxb7 Kf5 52. Rc6 Rxc6 53. Kxc6 Kg4 54. Kb6 h4 55. Bxh4 Kxh4 56. Kxa6 Kg3 57. Kb7 Kxf4 58. a6 g5 59. a7 g4 60. a8Q g3 61. Qf8+ Ke3 62. Qf1 1-0

[Event "GRE-ch U16 Girls"]
[Site "Patras"]
[Date "2021.07.04"]
[Round "3"]
[White "Gkika, Marina"]
[Black "Kaliontzaki, Argyro Evanthia"]
[Result "1-0"]
[WhiteElo "1305"]
[BlackElo "1293"]
[PlyCount "113"]
[EventDate "2021.07.02"]
[EventType "swiss"]
[EventRounds "7"]
[EventCountry "GRE"]
[SourceTitle "EXT 2023"]
[Source "ChessBase"]
[SourceDate "2022.10.05"]
[SourceVersion "1"]
[SourceVersionDate "2022.10.05"]
[SourceQuality "1"]

1. e4 c5 2. Nf3 Nc6 3. Bb5 d6 4. h3 g6 5. 0-0 Bg7 6. Re1 Bd7 7. c3 e6 8. d4 cxd4 9. cxd4 Nge7 10. Nc3 0-0 11. Be3 h6 12. Qd2 Kh7 13. Rad1 d5 14. exd5 exd5 15. a3 Be6 16. Ne5 Rc8 17. Na4 b6 18. Rc1 Nxe5 19. dxe5 Nf5 20. Bf4 Qh4 21. Nc3 g5 22. Bh2 Rfd8 23. Ne2 g4 24. hxg4 Qxg4 25. Qf4 Qg5 26. Qxg5 hxg5 27. Red1 Kg8 28. Ba6 Rxc1 29. Rxc1 d4 30. Rd1 Rd5 31. Bc4 Rd7 32. Bxe6 fxe6 33. Rd3 g4 34. Nf4 Rc7 35. Rd1 Kf7 36. Nh5 Rc2 37. Nxg7 Kxg7 38. Rb1 d3 39. Bf4 Nd4 40. Be3 d2 41. Kh2 Rxb2 42. Rd1 Nb3 43. Kg3 Ra2 44. Kxg4 b5 45. Kg5 a5 46. f4 a4 47. g4 Rxa3 48. Bxd2 Nxd2 49. Rxd2 Rf3 50. Rd7+ Kf8 51. Rb7 Rb3 52. Kf6 Ke8 53. Kxe6 Kd8 54. f5 a3 55. f6 a2 56. Ra7 Rf3 57. Rxa2 1-0

[Event "GRE-ch U16 Girls"]
[Site "Patras"]
[Date "2021.07.02"]
[Round "1"]
[White "Tzakosta, Konstantina"]
[Black "Kaliontzaki, Argyro Evanthia"]
[Result "1/2-1/2"]
[WhiteElo "1021"]
[BlackElo "1293"]
[PlyCount "107"]
[EventDate "2021.07.02"]
[EventType "swiss"]
[EventRounds "7"]
[EventCountry "GRE"]
[SourceTitle "EXT 2023"]
[Source "ChessBase"]
[SourceDate "2022.10.05"]
[SourceVersion "1"]
[SourceVersionDate "2022.10.05"]
[SourceQuality "1"]

1. e4 c5 2. c3 d5 3. exd5 Qxd5 4. d4 Nc6 5. Nf3 Bf5 6. Bf4 Nf6 7. Be2 e6 8. 0-0 cxd4 9. Nxd4 Nxd4 10. Qxd4 Qxd4 11. cxd4 Rd8 12. Bb5+ Nd7 13. Bc7 Rc8 14. Bxd7+ Kxd7 15. Bf4 Bb4 16. a3 Ba5 17. b4 Bb6 18. Be3 Ke7 19. Nd2 Rhd8 20. Nb3 Bd3 21. Rfe1 Bc4 22. Nc5 Bxc5 23. dxc5 Rd3 24. Bf4 b6 25. Bd6+ Kd7 26. Red1 Rxd1+ 27. Rxd1 Bd5 28. h3 bxc5 29. Bxc5 a6 30. Rd4 Kc6 31. Rh4 h6 32. Rg4 g5 33. Rg3 Kb5 34. Rc3 Ka4 35. Kh2 Bb3 36. Rf3 f5 37. Bd4 Kxa3 38. Bg7 h5 39. Bf6 g4 40. hxg4 hxg4 41. Rf4 Rc4 42. Rxc4 Bxc4 43. Be7 Kb3 44. Kg3 Be2 45. f3 gxf3 46. gxf3 Kc4 47. Kf4 Kd5 48. Bf8 Bd3 49. Ke3 Bb1 50. f4 e5 51. fxe5 Kxe5 52. Bg7+ Kd5 53. Kf4 Kc4 54. Bf8 1/2-1/2

[Event "GRE-chT 47th"]
[Site "Patras"]
[Date "2019.07.03"]
[Round "3.3"]
[White "Kaliontzaki, Argyro Evanthia"]
[Black "Kouta, Antonia"]
[Result "0-1"]
[WhiteElo "1324"]
[BlackElo "1762"]
[PlyCount "52"]
[EventDate "2019.07.02"]
[EventType "team-swiss"]
[EventRounds "7"]
[EventCountry "GRE"]
[SourceTitle "CBM 191 Extra"]
[Source "ChessBase"]
[SourceDate "2019.09.30"]
[SourceVersion "1"]
[SourceVersionDate "2019.09.30"]
[SourceQuality "1"]
[WhiteTeam "Chania OA"]
[BlackTeam "Heraklion Attica"]
[WhiteTeamCountry "GRE"]
[BlackTeamCountry "GRE"]

1. c4 c5 2. g3 Nc6 3. Bg2 g6 4. Nc3 Bg7 5. Nf3 e6 6. 0-0 Nge7 7. d3 0-0 8. Be3 Nd4 9. Qd2 Nef5 10. Rab1 Nxe3 11. fxe3 Nf5 12. d4 Bh6 13. Nd1 d5 14. cxd5 exd5 15. Qd3 Nxg3 16. hxg3 Bf5 17. Qa3 Bxb1 18. dxc5 Re8 19. b4 Bc2 20. Qc3 Bxd1 21. Rxd1 Rxe3 22. Qd4 Rxe2 23. Qxd5 Qe7 24. Qd3 Re8 25. a4 Qf6 26. Qb1 Rxg2+ 0-1

[Event "GRE-ch U18 Girls"]
[Site "Rethymno"]
[Date "2019.01.06"]
[Round "5"]
[White "Karavitaki, Antonia"]
[Black "Kaliontzaki, Argyro Evanthia"]
[Result "1-0"]
[WhiteElo "1481"]
[BlackElo "1379"]
[PlyCount "69"]
[EventDate "2019.01.02"]
[EventType "swiss"]
[EventRounds "7"]
[EventCountry "GRE"]
[SourceTitle "CBM 188 Extra"]
[Source "ChessBase"]
[SourceDate "2019.02.26"]
[SourceVersion "1"]
[SourceVersionDate "2019.02.26"]
[SourceQuality "1"]

1. d4 Nf6 2. c4 e6 3. Nc3 Bb4 4. e3 0-0 5. Bd2 c5 6. a3 Bxc3 7. Bxc3 Ne4 8. Ne2 Nxc3 9. Nxc3 cxd4 10. Qxd4 Qc7 11. Bd3 Nc6 12. Qh4 f5 13. f4 Qb6 14. Qf2 Ne7 15. Rg1 Rf6 16. h3 Rh6 17. e4 Qxf2+ 18. Kxf2 Rf6 19. e5 Rf8 20. Rad1 Rd8 21. Bc2 b6 22. g4 Bb7 23. Nb5 fxg4 24. hxg4 Bc6 25. Nd6 Nc8 26. b4 Nxd6 27. Rxd6 a6 28. f5 exf5 29. gxf5 Kf8 30. Ke3 b5 31. c5 h6 32. f6 gxf6 33. Rxf6+ Ke7 34. Rg7+ Ke8 35. Bg6# 1-0

[Event "EU-ch U12 Girls 28th"]
[Site "Riga"]
[Date "2018.08.22"]
[Round "3"]
[White "Kaliontzaki, Argyro Evanthia"]
[Black "Ray, Hiya"]
[Result "1-0"]
[WhiteElo "1404"]
[BlackElo "1643"]
[PlyCount "51"]
[EventDate "2018.08.20"]
[EventType "swiss"]
[EventRounds "9"]
[EventCountry "LAT"]
[SourceTitle "CBM 186 Extra"]
[Source "ChessBase"]
[SourceDate "2018.08.24"]
[SourceVersion "1"]
[SourceVersionDate "2018.08.24"]
[SourceQuality "1"]

1. e4 c5 2. Nf3 d6 3. d4 cxd4 4. Nxd4 Nf6 5. Nc3 g6 6. Be3 Bg7 7. f3 0-0 8. Qd2 Nc6 9. g4 Be6 10. Nxe6 fxe6 11. 0-0-0 Ne5 12. Be2 Nfd7 13. f4 Nc6 14. Bc4 d5 15. Nxd5 exd5 16. Qxd5+ Kh8 17. Qxd7 Qa5 18. Qd5 Qc7 19. e5 g5 20. Qe4 Rac8 21. Bd3 Kg8 22. Qxh7+ Kf7 23. Bg6+ Ke6 24. Bf5+ Kf7 25. e6+ Kf6 26. Qg6# 1-0

[Event "EU-ch U12 Girls 28th"]
[Site "Riga"]
[Date "2018.08.21"]
[Round "2"]
[White "Kaliontzaki, Argyro Evanthia"]
[Black "Macharashvili, Ana"]
[Result "1/2-1/2"]
[WhiteElo "1404"]
[BlackElo "1228"]
[PlyCount "128"]
[EventDate "2018.08.20"]
[EventType "swiss"]
[EventRounds "9"]
[EventCountry "LAT"]
[SourceTitle "CBM 186 Extra"]
[Source "ChessBase"]
[SourceDate "2018.08.24"]
[SourceVersion "1"]
[SourceVersionDate "2018.08.24"]
[SourceQuality "1"]

1. e4 c5 2. Nf3 Nc6 3. d3 g6 4. g3 Bg7 5. Bg2 d6 6. 0-0 e5 7. Nc3 Nge7 8. Nd2 0-0 9. Nc4 Rb8 10. a4 Be6 11. Ne3 Nd4 12. Ne2 Qd7 13. c4 Nec6 14. Ra3 a6 15. Nc2 b5 16. Ncxd4 Nxd4 17. Nxd4 cxd4 18. axb5 axb5 19. b3 Ra8 20. Qd2 bxc4 21. bxc4 Rfb8 22. Rxa8 Rxa8 23. Bb2 Rb8 24. Ra1 Rb3 25. Ra3 Qb7 26. Rxb3 Qxb3 27. Bc1 Bd7 28. Bf1 Kf8 29. Kg2 Ba4 30. Qb2 Qxb2 31. Bxb2 Ke7 32. f4 f6 33. h4 Bd1 34. Ba3 Kd7 35. Kf2 Bh6 36. fxe5 fxe5 37. Be2 Bc2 38. Bb4 Be3+ 39. Kf3 Kc6 40. g4 Bc1 41. h5 g5 42. Kf2 Bb2 43. Bd2 Kc5 44. Bxg5 Kb4 45. Bd2+ Bc3 46. Bxc3+ dxc3 47. g5 Ba4 48. g6 hxg6 49. hxg6 Be8 50. g7 Bf7 51. Bd1 Ka3 52. Ke3 Kb4 53. Bc2 Bg8 54. Bb1 Kb3 55. d4 exd4+ 56. Kxd4 Bxc4 57. Ba2+ Kxa2 58. Kxc4 c2 59. g8Q c1Q+ 60. Kd3+ Kb1 61. Qb3+ Qb2 62. Qd1+ Ka2 63. Qa4+ Kb1 64. Qd1+ Ka2 1/2-1/2

[Event "GRE-ch U20 Girls"]
[Site "Chania"]
[Date "2018.04.15"]
[Round "8"]
[White "Kaliontzaki, Argyro Evanthia"]
[Black "Petraki, Argiro"]
[Result "0-1"]
[WhiteElo "1236"]
[BlackElo "1664"]
[PlyCount "62"]
[EventDate "2018.04.10"]
[EventType "swiss"]
[EventRounds "9"]
[EventCountry "GRE"]
[SourceTitle "CBM 184 Extra"]
[Source "ChessBase"]
[SourceDate "2018.06.28"]
[SourceVersion "1"]
[SourceVersionDate "2018.06.28"]
[SourceQuality "1"]
[WhiteTeam "Greece"]
[BlackTeam "Greece"]
[WhiteTeamCountry "GRE"]
[BlackTeamCountry "GRE"]

1. e4 c5 2. Nf3 d6 3. d4 cxd4 4. Nxd4 Nf6 5. Nc3 g6 6. Be3 Bg7 7. f3 Nc6 8. Qd2 0-0 9. g4 Be6 10. 0-0-0 Ne5 11. Be2 Rc8 12. h4 Nc4 13. Bxc4 Rxc4 14. h5 Qa5 15. Nxe6 fxe6 16. hxg6 hxg6 17. Bh6 Rf7 18. Bxg7 Rxg7 19. Qh6 Kf7 20. Qd2 b5 21. Kb1 b4 22. Ne2 Qb5 23. Nd4 Qb7 24. Qe3 Qc8 25. Rd2 a5 26. e5 Nd5 27. Qg5 a4 28. Re1 Qc5 29. Red1 Nc3+ 30. bxc3 bxc3 31. Qf4+ Ke8 0-1

[Event "GRE-ch U20 Girls"]
[Site "Chania"]
[Date "2018.04.14"]
[Round "7"]
[White "Kaliontzaki, Argyro Evanthia"]
[Black "Vakali, Athina"]
[Result "1-0"]
[WhiteElo "1236"]
[BlackElo "1279"]
[PlyCount "83"]
[EventDate "2018.04.10"]
[EventType "swiss"]
[EventRounds "9"]
[EventCountry "GRE"]
[SourceTitle "CBM 184 Extra"]
[Source "ChessBase"]
[SourceDate "2018.06.28"]
[SourceVersion "1"]
[SourceVersionDate "2018.06.28"]
[SourceQuality "1"]
[WhiteTeam "Greece"]
[BlackTeam "Greece"]
[WhiteTeamCountry "GRE"]
[BlackTeamCountry "GRE"]

1. e4 e5 2. Nf3 Nc6 3. d4 exd4 4. Nxd4 Nf6 5. Nxc6 bxc6 6. Qe2 Bc5 7. e5 Nd5 8. c4 Nb6 9. Qe4 0-0 10. Bd3 g6 11. 0-0 Re8 12. Kh1 d5 13. cxd5 cxd5 14. Qe2 c6 15. f4 Nd7 16. Qf3 Qh4 17. Nc3 Nb8 18. f5 Rf8 19. Bd2 Ba6 20. Bxa6 Nxa6 21. Rac1 Rae8 22. Bf4 Nb8 23. g3 Qh3 24. f6 Bd4 25. Rce1 Re6 26. Qd3 Bb6 27. Ne2 Nd7 28. Nd4 Bxd4 29. Qxd4 Nb6 30. b3 Ra8 31. Bg5 Qh5 32. Bf4 Qf5 33. Bd2 Qc2 34. Qf4 Kh8 35. Qh6 Rg8 36. Bc1 Qxa2 37. Rf4 Qxb3 38. Rh4 Qf3+ 39. Kg1 Qh5 40. Rxh5 gxh5 41. Qxh5 Nd7 42. Qxf7 1-0

[Event "GRE-ch U12 Girls"]
[Site "Achaia"]
[Date "2017.06.29"]
[Round "5"]
[White "Dereka, Konstantina"]
[Black "Kaliontzaki, Argyro Evanthia"]
[Result "1-0"]
[WhiteElo "1137"]
[BlackElo "1079"]
[PlyCount "69"]
[EventDate "2017.06.26"]
[EventType "swiss"]
[EventRounds "9"]
[EventCountry "GRE"]
[SourceTitle "CBM 179 Extra"]
[Source "ChessBase"]
[SourceDate "2017.08.23"]
[SourceVersion "1"]
[SourceVersionDate "2017.08.23"]
[SourceQuality "1"]

1. d4 Nf6 2. c4 e6 3. Nc3 Bb4 4. Bd2 0-0 5. Nf3 b6 6. e3 Bb7 7. Bd3 d5 8. 0-0 dxc4 9. Bxc4 Nbd7 10. Rc1 c5 11. Qe2 Bxc3 12. Bxc3 Ne4 13. Rfd1 Qe7 14. a3 Rac8 15. Ba6 Nxc3 16. Rxc3 Nf6 17. Rdc1 Ne4 18. R3c2 Rfd8 19. b4 Bxa6 20. Qxa6 Qe8 21. h3 Rc6 22. Qb5 Rdc8 23. dxc5 a6 24. Qd3 f5 25. cxb6 Rxc2 26. Rxc2 Rxc2 27. Qxc2 Qb5 28. Qc8+ Kf7 29. Qc7+ Kf6 30. b7 Qd5 31. b8Q Qd1+ 32. Kh2 Nxf2 33. Qf8+ Kg6 34. Qcxg7+ Kh5 35. Qg5# 1-0

[Event "GRE-ch U20 Girls"]
[Site "Chania"]
[Date "2017.01.06"]
[Round "7.10"]
[White "Kaliontzaki, Argyro Evanthia"]
[Black "Koukouraki, Hrisi"]
[Result "0-1"]
[WhiteElo "1093"]
[BlackElo "1245"]
[PlyCount "102"]
[EventDate "2017.01.02"]
[EventType "swiss"]
[EventRounds "9"]
[EventCountry "GRE"]
[SourceTitle "EXT 2024"]
[Source "ChessBase"]
[SourceDate "2023.10.10"]
[SourceVersion "1"]
[SourceVersionDate "2023.10.10"]
[SourceQuality "1"]

1. e4 e6 2. d4 d5 3. Nc3 Nf6 4. Bg5 Be7 5. Bxf6 Bxf6 6. Nf3 0-0 7. Bd3 Be7 8. e5 c5 9. h4 h6 10. dxc5 Bxc5 11. Qd2 Nc6 12. 0-0-0 a6 13. g4 b5 14. h5 Be7 15. Rdg1 Bg5 16. Nxg5 Qxg5 17. f4 Qd8 18. Qe2 Nb4 19. Be4 dxe4 20. Qxe4 Nd5 21. Qf3 Qb6 22. Nxd5 exd5 23. g5 hxg5 24. Rxg5 Qh6 25. Qxd5 Be6 26. Qg2 Rac8 27. Rg1 Kh8 28. Rxg7 Qxf4+ 29. Qd2 Qxd2+ 30. Kxd2 Rg8 31. Rxg8+ Rxg8 32. Rxg8+ Kxg8 33. a3 Kh7 34. Ke3 Kh6 35. Kd4 Bc4 36. Kc5 Kxh5 37. Kb6 Kg5 38. Kxa6 Kf5 39. Kb6 Kxe5 40. Kc5 Be2 41. Kb4 Kd4 42. c3+ Kd5 43. b3 f5 44. a4 bxa4 45. bxa4 f4 46. a5 f3 47. c4+ Bxc4 48. Kc3 f2 49. a6 Bxa6 50. Kd2 f1Q 51. Kc3 Qc4+ 0-1